• 首页
  • 本馆介绍
  • 公告通知
  • 最新文献
  • 馆藏检索
  • 电子资源
  • 读者导购
  • 参考咨询
  • 我的图书馆
  • 登录
  • 详细信息显示
  • 放入我的书架
  • 预约/预借图书
  • 作者相关作品
  • 分类相关作品
  • 丛书相关作品
  • 出版社相关作品

书目信息

  • 表格格式
  • 工作单格式
  • 卡片格式
题名:
制冷与空调
    
 
作者: 琼斯 著 ;陈国邦 , 胡熊飞 译
分册:  
出版信息: 北京   机械工业出版社  1987.9
页数: 479页
开本: 20cm
丛书名:
单 册:
中图分类: TB6
科图分类:
主题词: 制冷工程
电子资源:
ISBN:
000 00573nam0 2200217 45
001 0312221749
005 20031222170907.9
010    @dCNY9.70
100    @a20031222d1987 km y0chiy0120 ea
101    @achi
105    @a z 000yy
200 1  @a制冷与空调@AZhi Leng Yu Kong Diao@f(美)琼斯著@F(Mei)Qiong Si Zhu@g陈国邦,胡熊飞等译
210    @a北京@c机械工业出版社@d1987.9
215    @a479页@d20cm
606 0  @a制冷工程
690    @aTB6@v3
701 0  @a琼斯@4著
702 0  @a陈国邦@4译
702 0  @a胡熊飞@4译
801    @aCN@bTSTCL@c20031222
905    @a213230@dTB6@e16
    
    制冷与空调/(美)琼斯著/陈国邦,胡熊飞等译.-北京:机械工业出版社,1987.9
    479页;20cm
    
    
    ISBN :CNY9.70
    
●
相关链接 在E读中查询图书 在五车中查询图书 在当当中查询图书 在豆瓣中查询图书


正题名:制冷与空调     索取号:TB6/16         预约/预借

序号 登录号 条形码 馆藏地/架位号 状态 备注
1 0241604   202451854   第二样本阅览室/ [索取号:TB6/16] 在馆    
唐山师范学院图书馆 欢迎您!
大连网信软件有限公司© 版权所有